Európska únia a jej úloha v rámci globálnej bezpečnosti

Úsilie Európskej únie vo vytváraní spoľahlivej a efektívnej spoločnej zahraničnej a bezpečnostnej politiky. Zladenie obranných ambícií NATO a Európskej únie. EÚ musí v budúcnosti zohrávať väčšiu rolu pri zaisťovaní mieru a bezpečnosti na kontinente ako aj vo svete.

Gespeichert in:
Bibliographische Detailangaben
1. Verfasser: Hoľková, Anna
Format: Buchkapitel
Sprache:Slowakisch
Schlagworte:
Tags: Tag hinzufügen
Keine Tags, Fügen Sie das erste Tag hinzu!

MARC

LEADER 00000nla$a2200000$$$4500
001 0101064
005 20240502072114.5
041 0 |a slo 
044 |a SK 
245 1 0 |a Európska únia a jej úloha v rámci globálnej bezpečnosti  |c Anna Hoľková 
520 |a Úsilie Európskej únie vo vytváraní spoľahlivej a efektívnej spoločnej zahraničnej a bezpečnostnej politiky. Zladenie obranných ambícií NATO a Európskej únie. EÚ musí v budúcnosti zohrávať väčšiu rolu pri zaisťovaní mieru a bezpečnosti na kontinente ako aj vo svete. 
610 2 0 |a bezpečnosť medzinárodná 
610 2 0 |a vzťahy medzinárodné 
610 2 0 |a spolupráca medzinárodná 
610 2 0 |a politika medzinárodná 
610 2 0 |a organizácie medzinárodné 
610 2 0 |a sily ozbrojené 
610 2 0 |a Európska únia 
610 2 0 |a USA 
100 1 |a Hoľková, Anna